000 03180cam a22003858i 4500
999 _c16623
_d16623
001 21789578
005 20220302142923.0
006 m |o d |
007 cr |||||||||||
008 201103s2021 nju ob 001 0 eng
010 _a 2020047566
020 _a9781119604228
020 _a9781119604211
020 _z9781119604181
040 _aDLC
_beng
_cDLC
_erda
042 _apcc
043 _aa-cc---
050 0 0 _aDS735
082 0 0 _aDC 951
_22021
_bR733
100 1 _aRossabi, Morris,
_eauthor.
_944318
245 1 2 _aA history of China /
_cMorris Rossabi.
250 _aSecond edition.
260 _aChichester :
_bWiley Blackwell,
_c©2021.
263 _a2103
300 _a1 volume :
_billustrations (black and white), maps (black and white) ;
_c25 cm.
490 0 _aBlackwell history of the world
504 _aIncludes bibliographical references and index.
520 _a"I have deliberately titled this book A History of China. It is not The History of China. In fact, such an all-encompassing book has not been and probably will never be written. Chinese history is beyond the scope of a single volume. In this work, much in the history of China has been omitted, partly due to size restrictions. I have tried to replicate the course on Chinese history I have taught at a variety of universities. However, I have left out some anecdotes and have eschewed documentary overkill. I have had to select from a vast array of political, economic, social, and cultural developments. Yet this work offers a survey of Chinese history, with one innovation. The basic events and trends are described, but I have emphasized China as part of a larger world, starting with its contacts with its neighbors in early times and stretching to west, south, and southeast Asia, Korea, and Japan in later eras. From the Mongol age in the thirteenth century onward, I portray China in the context of global developments and history. Specific Chinese policies and practices can be understood as, in part, responses to foreign influences. Indeed, non-Chinese peoples have ruled China for almost half of its history since 1279, the date the Mongols crushed the Southern Song dynasty. In the past, some histories depicted the Mongol and Manchu rulers who governed China during that time as typical Chinese potentates and their people as highly sinicized. This history and many recent scholarly studies have challenged that interpretation, and I devote more space than most texts to describing Mongol and Manchu societies and analyzing their impact on China. In addition, since 1279, China has had a significant non-Chinese population, mostly along strategic frontier areas. Again, I have emphasized these peoples' histories in this book, often devoting more space to the subject than almost all other histories of China"--
651 0 _aChina
_xHistory.
_944319
776 0 8 _iPrint version:
_aRossabi, Morris.
_tA history of China
_bSecond edition.
_dHoboken, NJ : John Wiley & Sons, 2021.
_z9781119604181
_w(DLC) 2020047565
365 _b4,766.00
_cPhp
906 _a7
_bcbc
_corignew
_d1
_eecip
_f20
_gy-gencatlg
942 _2ddc
_cDC